Normal view
MARC view
- Analysis of variance
Entry Topical Term
001 - CONTROL NUMBER
- control field: 102425
003 - CONTROL NUMBER IDENTIFIER
- control field: NUST
005 - DATE AND TIME OF LATEST TRANSACTION
- control field: 20221107160945.0
008 - FIXED-LENGTH DATA ELEMENTS
- fixed length control field: 221107|| aca||aabn | a|a d
040 ## - CATALOGING SOURCE
- Original cataloging agency: NUST
- Transcribing agency: NUST
150 ## - HEADING--TOPICAL TERM
- Topical term or geographic name entry element: Analysis of variance
- General subdivision: Data processing
670 ## - SOURCE DATA FOUND
- Source citation: Work cat.: (NUST)0: Denis, Daniel J., 1974- author. 102424, SPSS data analysis for univariate, bivariate, and multivariate statistics /
